000 01036nam a2200277 c 4500
003 BLK
005 20190913121214.0
008 180911b bul|||||r ||||||| ||bul||
010 _a002640
040 _aBLK
041 _aBUL
080 _z949.7
100 1 _aХАНДЖИЕВ, Н.
_eпърви автор
245 0 0 _aПаневропа и обединението на южните славяни
260 _aСофия
_c1931
_fБургас, печ. Н. В. Велчев
300 _a48 с
_c16 см
380 _a9
490 _aСъюзна библиотека на Сдруженията за сближение и обединение на южните славяни
490 _aЧастна колекция - Академик Михаил Арнаудов
_gДарение - Основен фонд
650 _aБалкански страни
650 _aБалкански страни
655 _aИстория
700 1 _aН. Ханджиев
852 _aМА 2677
942 _cKNG
_n0
944 _aCR
_c1997
_kGGG
999 _c342979
_d342979